000 00939cab a2200277 4500
001 WB3111-28
008 090401t1995 xxu||||| |||| 00| 0 eng d
035 _a(Sirsi) u29238
041 _aeng
245 _aSale of land contracts
260 _c1995
350 _a0
490 _aEstates Gazette
_v(9510) 11 March 1995, 122(1)
520 _aExamines the requirements for land contracts to be in writing under the Law of Property (Miscellaneous Provisions) Act 1989, and considers cases heard over omitted terms.
650 _aLAND CONTRACTS
650 _aLAW OF PROPERTY (MISCELLANEOUS PROVISIONS) ACT 1989
650 _aOMITTED TERMS
650 _aRECORD V BELL
650 _aSALE OF LAND
650 _aSPIRO V GLENCROWN PROPERTIES LTD
650 _aTOOTAL CLOTHING LTD V GUINEA PROPERTIES MANAGEMENT LTD
650 _aWRIGHT V ROBERT LEONARD DEVELOPMENTS LTD
690 _aLAND
942 _n0
948 _c04/03/1997
999 _c19687
_d19687